ASME 2013 Conference on Information Storage and Processing Systems

書誌詳細
フォーマット: 電子媒体 雑誌
言語:English
出版事項: ASME
オンライン・アクセス:Full text available on ASME[2013-2013]
Off-campus access
LEADER 00957cas a2200181 a 4500
001 AALConferenceProceedingsASME000977
008 230101c9999 xx r poo 0 0eng d
020 |a 978-0-7918-5553-9 
040 |a BD-DhAAL  |c BD-DhAAL 
245 0 0 |h [electronic resource]  |a ASME 2013 Conference on Information Storage and Processing Systems 
260 |b ASME 
300 |a 1 online resource 
500 |a <strong>Off-Campus Access:</strong> Athens ID and Password Required 
500 |a <strong>On-Campus Access:</strong> No User ID or Password Required 
506 |a Electronic access restricted to authorized BRAC University faculty, staff and students 
538 |a Mode of access: Internet 
856 4 0 |z Full text available on ASME[2013-2013]  |u https://asmedigitalcollection.asme.org/ISPS/ISPS2013/volume/55539 
856 4 0 |z Off-campus access  |u https://go.openathens.net/redirector/bracu.ac.bd?url=https%3A%2F%2Fasmedigitalcollection.asme.org%2FISPS%2FISPS2013%2Fvolume%2F55539